Civil society and good governance (Record no. 394528)

MARC details
000 -LEADER
fixed length control field 00527 a2200205 4500
005 - DATE & TIME
control field 20260204151906.0
008 - FIXED-LENGTH DATA ELEMENTS--GENERAL INFORMATION
fixed length control field 260204b |||||||| |||| 00| 0 eng d
020 ## - ISBN
International Standard Book Number 9788197458538
Price Rs. 2195.00
040 ## - CATALOGING SOURCE
Original cataloging agency VIVEKANANDA LIBRARY
082 ## - DDC NUMBER
Classification number 352
Book Number A12C
100 ## - MAIN ENTRY--PERSONAL NAME
Personal name Aparna Singh
245 ## - TITLE STATEMENT
Title Civil society and good governance
260 ## - PUBLICATION, DISTRIBUTION, ETC. (IMPRINT)
Name of publisher, distributor, etc Yking Books
Date of publication, distribution, etc 2025
Place of publication, distribution, etc Jaipur
300 ## - PHYSICAL DESCRIPTION
Pages x, 278
650 ## - Subject
Subject Public Administration
650 ## - Subject
Subject Civil Society
650 ## - Subject
Subject Good Governance
700 ## - Added Entry Personal Name
Added Entry Personal Name Rajeev Kumar Singh
942 ## - ADDED ENTRY ELEMENTS (KOHA)
Koha item type Books
Holdings
Withdrawn status Lost status Source of classification or shelving scheme Damaged status Not for loan Location (home branch) Sublocation or collection (holding branch) Shelving location Date acquired Koha issues (times borrowed) Koha full call number Accession No. Koha date last seen Koha item type
    Dewey Decimal Classification     VIVEKANANDA LIBRARY VIVEKANANDA LIBRARY Vivekananda Library 07/01/2026   352 A12C 444054 07/01/2026 Books
© Designed and Maintained by Vivekananda Library, MDU Rohtak